Redgrave's health and safety. (Record no. 249)
[ view plain ]
| 000 -LEADER | |
|---|---|
| fixed length control field | 01366cam a2200373 a 4500 |
| 001 - CONTROL NUMBER | |
| control field | 13663731 |
| 005 - DATE AND TIME OF LATEST TRANSACTION | |
| control field | 20110411124743.0 |
| 008 - FIXED-LENGTH DATA ELEMENTS--GENERAL INFORMATION | |
| fixed length control field | 040723s2002 enk 001 0 eng |
| 010 ## - LIBRARY OF CONGRESS CONTROL NUMBER | |
| LC control number | 2005415995 |
| 015 ## - NATIONAL BIBLIOGRAPHY NUMBER | |
| National bibliography number | GBA3-03226 |
| 020 ## - INTERNATIONAL STANDARD BOOK NUMBER | |
| International Standard Book Number | 0406958130 |
| 035 ## - SYSTEM CONTROL NUMBER | |
| System control number | (OCoLC)ocm51272599 |
| 040 ## - CATALOGING SOURCE | |
| Original cataloging agency | UKM |
| Transcribing agency | UKM |
| Modifying agency | OCLCQ |
| -- | DLC |
| 042 ## - AUTHENTICATION CODE | |
| Authentication code | lccopycat |
| 043 ## - GEOGRAPHIC AREA CODE | |
| Geographic area code | e-uk--- |
| 050 00 - LIBRARY OF CONGRESS CALL NUMBER | |
| Classification number | KD3156 |
| Item number | .F5 2002 |
| 082 04 - DEWEY DECIMAL CLASSIFICATION NUMBER | |
| Classification number | 344.410465 |
| Edition number | 21 |
| 100 1# - MAIN ENTRY--PERSONAL NAME | |
| Personal name | Ford, Michael. |
| 9 (RLIN) | 730 |
| 245 10 - TITLE STATEMENT | |
| Title | Redgrave's health and safety. |
| 250 ## - EDITION STATEMENT | |
| Edition statement | 4th ed. / |
| Remainder of edition statement | Michael Ford, Eric Brown. |
| 260 ## - PUBLICATION, DISTRIBUTION, ETC. (IMPRINT) | |
| Place of publication, distribution, etc | London ; Dayton, OH : |
| Name of publisher, distributor, etc | Butterworths, |
| Date of publication, distribution, etc | c2002. |
| 300 ## - PHYSICAL DESCRIPTION | |
| Extent | xliii, 2014 p. ; |
| Dimensions | 26 cm. |
| 500 ## - GENERAL NOTE | |
| General note | Previous ed. / John Hendy, Michael Ford. 1998. |
| 500 ## - GENERAL NOTE | |
| General note | Includes index. |
| 650 #0 - SUBJECT ADDED ENTRY--TOPICAL TERM | |
| Topical term or geographic name as entry element | Industrial hygiene |
| General subdivision | Law and legislation |
| Geographic subdivision | Great Britain. |
| 9 (RLIN) | 731 |
| 650 #0 - SUBJECT ADDED ENTRY--TOPICAL TERM | |
| Topical term or geographic name as entry element | Industrial safety |
| General subdivision | Law and legislation |
| Geographic subdivision | Great Britain. |
| 9 (RLIN) | 732 |
| 700 1# - ADDED ENTRY--PERSONAL NAME | |
| Personal name | Brown, Eric. |
| 9 (RLIN) | 733 |
| 700 1# - ADDED ENTRY--PERSONAL NAME | |
| Personal name | Redgrave, Alexander, |
| Dates associated with a name | 1818-1894. |
| 9 (RLIN) | 734 |
| 700 1# - ADDED ENTRY--PERSONAL NAME | |
| Personal name | Hendy, John, |
| Titles and other words associated with a name | QC. |
| Title of a work | Redgrave's health and safety. |
| 9 (RLIN) | 735 |
| 906 ## - LOCAL DATA ELEMENT F, LDF (RLIN) | |
| a | 7 |
| b | cbc |
| c | copycat |
| d | 2 |
| e | ncip |
| f | 20 |
| g | y-gencatlg |
| 942 ## - ADDED ENTRY ELEMENTS (KOHA) | |
| Source of classification or shelving scheme | Dewey Decimal Classification |
| Item type | Books |
| Withdrawn status | Lost status | Source of classification or shelving scheme | Damaged status | Not for loan | Home library | Current library | Shelving location | Date acquired | Total Checkouts | Full call number | Barcode | Date last seen | Price effective from | Koha item type |
|---|---|---|---|---|---|---|---|---|---|---|---|---|---|---|
| Dewey Decimal Classification | Law Development Centre Main Library | Law Development Centre Main Library | Text Books and Laws | 04/11/2011 | 344.410465FOR | 38/09 | 04/11/2011 | 04/11/2011 | Books |
